| 000 | 00547nam a2200217Ia 4500 | ||
|---|---|---|---|
| 003 | OSt | ||
| 005 | 20220928151101.0 | ||
| 006 | a|||||r|||| 00| 0 | ||
| 007 | ta | ||
| 008 | 220927b |||||||| |||| 00| 0 eng d | ||
| 024 | _a112359 | ||
| 037 | _cTextual | ||
| 040 |
_aSDCL _cSDCL _beng |
||
| 041 |
_2eng _aeng |
||
| 082 | _aXxM18, M4 | ||
| 100 |
_aHarman Chris _9413491 |
||
| 245 | 0 |
_aExplaining the crisis _b A marxist re-appraisal |
|
| 260 | _c1984 | ||
| 942 |
_hXxM18, M4 _cTEXL _2CC |
||
| 999 |
_c848958 _d848958 |
||